| 000 | 00459nam a2200193Ia 4500 | ||
|---|---|---|---|
| 005 | 20250425161037.0 | ||
| 008 | 250425s9999 xx 000 0 und d | ||
| 041 | _aeng | ||
| 082 | _a530.141 | ||
| 100 | _aSTRATTON, JULIUS ADAMS | ||
| 245 | 0 | _aELECTROMAGNETIC THEORY | |
| 250 | _aS.E. | ||
| 260 |
_aEstados Unidos _bMCGRAW-HILLH _c1941 |
||
| 260 | _aNEW YORK | ||
| 300 | _a615 | ||
| 650 | _aTEORIA ELECTROMAGNETICA | ||
| 942 | _c01 | ||
| 010 | _a11265 | ||
| 999 |
_c201294 _d201294 |
||